Residencias Oficiales de líderes iberoamericanos. - Estadísticas

Estadísticas generales
  • Esta prueba ha sido intentada 40 veces
  • La puntuación promedio es 10 de 16
Estadísticas de respuestas
Nombre de la Residencia País % Correcto
Casa Rosada Argentina
97%
La Moneda Chile
85%
Palacio de la Moncloa España
85%
Casa de Pizarro Perú
79%
Palacio de la Revolución Cuba
76%
Palacio de Belém Portugal
73%
Palácio da Alvorada Brasil
67%
Casa Grande del Pueblo Bolivia
64%
Palais National Haití
64%
Casa de Nariño Colombia
55%
Palacio Nacional México
52%
Suárez y Reyes Uruguay
48%
Palacio de las Garzas Panamá
42%
Mburuvicha Róga Paraguay
42%
Palacio de Miraflores Venezuela
39%
Palacio de Carondelet Ecuador
36%
No se encontraron pruebas coincidentes
Distribución de puntuación
Porcentaje de gente con cada puntuación
Porcentaje por número respondido
Historial de tus puntuaciones
No has intentado esta prueba.